000 00675nas a2200217 i 4500
001 173080
003 ES-MaACL
005 20250217134835.0
008 091027c1951 sp | | ||pa d
022 _a0402-6713
080 _a351.741.1(46)(058.2)
245 0 0 _aAnuario legislativo de la policía gubernativa /
_cDirector: Manuel Martinez Aguirre...
260 _aMadrid :
_bDirección General de Seguridad,
_c1951-
300 _a8 v. ;
_c25 cm.
310 _aAnual
700 1 _aMartínez Aguirre, Manuel.
_9141486
710 1 _aEspaña.
_bDirección General de Seguridad.
_93784
852 _aES-MaACL
_jHem-975
866 0 _o1951-58.
999 _c173080
_d173080